000 00516nam a2200157Ia 4500
008 230907s9999||||xx |||||||||||||| ||und||
082 _a621.3
_bHAM
100 _aHamza Hafeez (00000319087)
_9116653
245 0 _aPotential of Floating PV Power Plant Deployed on lakes for Partial Electricity Supply: A Case study of NUST Lake /
260 _aUSPCAS-E, NUST,
_bIslamabad :
_c2021
300 _axiii, 57 p.
520 _aTH-323
650 _aMS-ESE Thesis
710 _aDr. Adeel Waqas
_9118068
942 _cTHE
_2ddc
999 _c602001
_d602001